<?xml version="1.0" encoding="UTF-8"?>
<record
    xmlns:xsi="http://www.w3.org/2001/XMLSchema-instance"
    xsi:schemaLocation="http://www.loc.gov/MARC21/slim http://www.loc.gov/standards/marcxml/schema/MARC21slim.xsd"
    xmlns="http://www.loc.gov/MARC21/slim">

  <leader>00399nam a22001577a 4500</leader>
  <controlfield tag="003">OSt</controlfield>
  <controlfield tag="005">20231229085455.0</controlfield>
  <controlfield tag="008">221104b        xxu||||| |||| 00| 0 eng d</controlfield>
  <datafield tag="020" ind1=" " ind2=" ">
    <subfield code="a">9789380027869</subfield>
  </datafield>
  <datafield tag="040" ind1=" " ind2=" ">
    <subfield code="c">IIMT UNIVERSITY</subfield>
  </datafield>
  <datafield tag="100" ind1=" " ind2=" ">
    <subfield code="a">SRIVASTAVA, SMRITI</subfield>
  </datafield>
  <datafield tag="245" ind1=" " ind2=" ">
    <subfield code="a">HUMAN VALUES AND PROFESSIONAL ETHICS</subfield>
  </datafield>
  <datafield tag="260" ind1=" " ind2=" ">
    <subfield code="a">NEW DELHI</subfield>
    <subfield code="b">S.K.KATARIA &amp; SONS</subfield>
    <subfield code="c">2022</subfield>
  </datafield>
  <datafield tag="300" ind1=" " ind2=" ">
    <subfield code="a">277</subfield>
  </datafield>
  <datafield tag="942" ind1=" " ind2=" ">
    <subfield code="2">ddc</subfield>
    <subfield code="c">01</subfield>
  </datafield>
  <datafield tag="999" ind1=" " ind2=" ">
    <subfield code="c">55945</subfield>
    <subfield code="d">55945</subfield>
  </datafield>
  <datafield tag="952" ind1=" " ind2=" ">
    <subfield code="0">0</subfield>
    <subfield code="1">0</subfield>
    <subfield code="2">ddc</subfield>
    <subfield code="4">0</subfield>
    <subfield code="7">0</subfield>
    <subfield code="a">01</subfield>
    <subfield code="b">01</subfield>
    <subfield code="d">2022-11-04</subfield>
    <subfield code="e">ARISTA PUB.</subfield>
    <subfield code="g">295.00</subfield>
    <subfield code="i">HO/IN/100</subfield>
    <subfield code="o">174 SRI</subfield>
    <subfield code="p">01-B-137363</subfield>
    <subfield code="r">2022-11-04</subfield>
    <subfield code="u">human value</subfield>
    <subfield code="w">2022-11-04</subfield>
    <subfield code="y">02</subfield>
  </datafield>
  <datafield tag="952" ind1=" " ind2=" ">
    <subfield code="0">0</subfield>
    <subfield code="1">0</subfield>
    <subfield code="2">ddc</subfield>
    <subfield code="4">0</subfield>
    <subfield code="7">0</subfield>
    <subfield code="a">01</subfield>
    <subfield code="b">01</subfield>
    <subfield code="d">2022-11-04</subfield>
    <subfield code="e">ARISTA PUB.</subfield>
    <subfield code="g">295.00</subfield>
    <subfield code="i">HO/IN/100</subfield>
    <subfield code="o">174 SRI</subfield>
    <subfield code="p">01-B-137364</subfield>
    <subfield code="r">2022-11-04</subfield>
    <subfield code="u">human value</subfield>
    <subfield code="w">2022-11-04</subfield>
    <subfield code="y">02</subfield>
  </datafield>
  <datafield tag="952" ind1=" " ind2=" ">
    <subfield code="0">0</subfield>
    <subfield code="1">0</subfield>
    <subfield code="2">ddc</subfield>
    <subfield code="4">0</subfield>
    <subfield code="7">0</subfield>
    <subfield code="a">01</subfield>
    <subfield code="b">01</subfield>
    <subfield code="d">2022-11-04</subfield>
    <subfield code="e">ARISTA PUB.</subfield>
    <subfield code="g">295.00</subfield>
    <subfield code="i">HO/IN/100</subfield>
    <subfield code="l">1</subfield>
    <subfield code="o">174 SRI</subfield>
    <subfield code="p">01-B-137365</subfield>
    <subfield code="r">2024-03-30</subfield>
    <subfield code="s">2024-03-14</subfield>
    <subfield code="u">human value</subfield>
    <subfield code="w">2022-11-04</subfield>
    <subfield code="y">02</subfield>
  </datafield>
  <datafield tag="952" ind1=" " ind2=" ">
    <subfield code="0">0</subfield>
    <subfield code="1">0</subfield>
    <subfield code="2">ddc</subfield>
    <subfield code="4">0</subfield>
    <subfield code="7">0</subfield>
    <subfield code="a">01</subfield>
    <subfield code="b">01</subfield>
    <subfield code="d">2022-11-04</subfield>
    <subfield code="e">ARISTA PUB.</subfield>
    <subfield code="g">295.00</subfield>
    <subfield code="i">HO/IN/100</subfield>
    <subfield code="o">174 SRI</subfield>
    <subfield code="p">01-B-137366</subfield>
    <subfield code="r">2022-11-04</subfield>
    <subfield code="u">human value</subfield>
    <subfield code="w">2022-11-04</subfield>
    <subfield code="y">02</subfield>
  </datafield>
  <datafield tag="952" ind1=" " ind2=" ">
    <subfield code="0">0</subfield>
    <subfield code="1">0</subfield>
    <subfield code="2">ddc</subfield>
    <subfield code="4">0</subfield>
    <subfield code="7">0</subfield>
    <subfield code="a">01</subfield>
    <subfield code="b">01</subfield>
    <subfield code="d">2022-11-04</subfield>
    <subfield code="e">ARISTA PUB.</subfield>
    <subfield code="g">295.00</subfield>
    <subfield code="i">HO/IN/100</subfield>
    <subfield code="o">174 SRI</subfield>
    <subfield code="p">01-B-137367</subfield>
    <subfield code="r">2022-11-04</subfield>
    <subfield code="u">human value</subfield>
    <subfield code="w">2022-11-04</subfield>
    <subfield code="y">02</subfield>
  </datafield>
</record>
